| 000 | 00505nam a2200193Ia 4500 | ||
|---|---|---|---|
| 008 | 131103s9999 xx 000 0 und d | ||
| 020 | _cRs.11 | ||
| 040 | _aLoreto College | ||
| 041 | _aEnglish | ||
| 082 |
_a030/DIC _bLCLIB/12377 |
||
| 245 |
_aStudents' favourite dictionary _b bengali to english |
||
| 250 | _a20th ed. | ||
| 260 |
_aCalcutta _bAshu Tosh Dev _c1965 |
||
| 300 |
_a1291p. _c 20c.m. |
||
| 504 | _aIncludes Appendix | ||
| 650 | _aDictionary | ||
| 850 | _aLCLIB/030/DIC | ||
| 942 | _cBK | ||
| 999 |
_c23764 _d74243 |
||